Statistiche per Simbolo casuale all'elemento

Clicka qui per fare il quiz!

Statistiche generali

  • Questo quiz è stato fatto 1.884 volte
  • Il punteggio medio è 11 su 20

Statistiche sulle risposte

simboloelemento% Corretto
KPotassio
97%
BeBerillio
94%
LiLitio
94%
HIdrogeno
92%
MgMagnesio
92%
AuOro
92%
OOssigeno
92%
ClCloro
91%
SiSilicio
89%
AgArgento
88%
CaCalcio
88%
GaGallio
88%
CuRame
88%
ZnZinco
86%
CrCromo
85%
HeElio
85%
PbPiombo
85%
ArArgon
84%
FeFerro
84%
FFluoro
83%
NaSodio
83%
BBoro
81%
SZolfo
81%
NAzoto
80%
CCarbonio
79%
BaBario
78%
IIodio
78%
AlAlluminio
77%
PFosforo
76%
KrKripton
76%
NiNichel
74%
TiTitanio
73%
HgMercurio
71%
PoPolonio
71%
XeXenon
71%
MnManganese
70%
NeNeon
70%
PdPalladio
69%
SeSeleni
69%
CoCobalto
68%
FrFrancio
68%
GeGermanio
68%
RbRubidio
66%
WTungsteno
65%
RaRadio
64%
AtAstato
63%
BrBromo
63%
PtPlatino
63%
SrStronzio
63%
VVanadio
62%
BiBismuto
61%
InIndio
60%
SnStagno
59%
AmAmericio
58%
FmFermio
58%
YIttrio
58%
TeTellurio
58%
UUranio
58%
AsArsenico
57%
CsCesio
57%
RuRutenio
57%
SbAntimonio
56%
CdCadmio
55%
MoMolibdeno
55%
TcTecnezio
55%
CeCerio
54%
ZrZirconio
54%
TlTallio
52%
LuLutezio
50%
HfAfnio
48%
IrIridio
48%
RfRutherfordio
48%
GdGadolinio
46%
ScScandio
46%
OsOsmio
45%
TbTerbio
45%
LaLantanio
44%
ReRenio
44%
NpNettunio
43%
AcAttinio
42%
EuEuropio
42%
SgSeaborgio
42%
LrLaurenzio
41%
HoOlmio
39%
CmCurio
38%
ErErbio
38%
YbItterbio
38%
PuPlutonio
38%
RhRodio
38%
TmTulio
38%
BkBerkelio
37%
RnRadon
37%
SmSamario
37%
BhBohrio
36%
MdMendelevio
36%
McMoscovio
35%
PaProtoattinio
35%
EsEinsteinio
34%
NbNiobio
33%
TaTantalio
33%
MtMeitnerio
32%
DyDisprosio
31%
HsHassio
31%
NoNobelio
30%
RgRoentgenio
30%
LvLivermorio
29%
CnCopernicio
28%
OgOganesson
26%
PmPromezio
26%
DbDubnio
25%
ThTorio
25%
NdNeodimio
24%
DsDarmstadtio
19%
PrPraseodimio
19%
CfCalifornio
18%
FlFlerovio
18%
NhNihonio
18%
TsTennesso
12%

Distribuzione punteggi

Percentile per numero di risposta

Percentuale di utenti per punteggio

I tuoi punteggi nel tempo

Non hai fatto questo quiz